Health, Tourism and Hospitality Spas, Wellness and Medical Travel

Gespeichert in:
Bibliographische Detailangaben
1. Verfasser: Smith, Melanie
Weitere Verfasser: Puczkó, László
Format: Buch
Sprache:Englisch
Veröffentlicht: Abingdon Routledge/Taylor & Francis Group 2014
Ausgabe:2nd Edition
Schlagworte:
Tags: Tag hinzufügen
Keine Tags, Fügen Sie das erste Tag hinzu!

MARC

LEADER 00000nam a2200000 4500
001 0277186
005 20240312115720.5
020 |a 978-0-415-63865-4 
020 |a 978-0-415-63864-7 
041 0 |a eng 
044 |a GB 
245 1 0 |a Health, Tourism and Hospitality  |b Spas, Wellness and Medical Travel  |c Melanie Smith and László Puczkó 
250 |a 2nd Edition 
264 1 |a Abingdon  |b Routledge/Taylor & Francis Group  |c 2014 
300 |a 508 s. 
610 2 0 |a zdravie 
610 2 0 |a turistika 
610 2 0 |a ruch cestovný 
610 2 0 |a spoločnosť 
610 2 0 |a starostlivosť o zdravie 
610 2 0 |a kúpele 
610 2 0 |a dopyt 
610 2 0 |a motivácia 
610 2 0 |a regióny 
610 2 0 |a porovnanie medzinárodné 
610 2 0 |a štúdie prípadové 
100 1 |a Smith, Melanie 
700 1 |a Puczkó, László